00463nam a2200121Ia 4500008004100000020001800041100001700059245008400076260002200160650001700182650010100199856004100300171212s9999 xx 000 0 und d a9781921934339 aNelson, Hank cNelson, HankaBlack, White and GoldbGoldmining in Papua New Guinea 1878–1930 bANU E Pressc2016 aAnthropology aGold mines and mining -- Papua New Guinea -- History; Gold miners -- Papua New Guinea -- History uhttp://jstor.org/stable/j.ctt1rqc9gt